000
00256nam a22001097a 4500
008
230620b xxu||||| |||| 00| 0 eng d
082
_a
323
_b
MAC
245
_a
Africa Emergent
260
_a
London
_b
Faber and Faber Limited
300
_a
414p
942
_2
ddc
_c
BK
999
_c
1803
_d
1803